Código petrolero / (Registro nro. 9215)
[ vista simple ]
| 000 -LEADER | |
|---|---|
| fixed length control field | 01343cam a2200337 i 4500 |
| 001 - CONTROL NUMBER | |
| control field | 9215 |
| 003 - CONTROL NUMBER IDENTIFIER | |
| control field | Mx-PuUPA |
| 005 - DATE AND TIME OF LATEST TRANSACTION | |
| control field | 20260429145924.0 |
| 008 - FIXED-LENGTH DATA ELEMENTS--GENERAL INFORMATION | |
| fixed length control field | 140415s1988 mx r 000 0 spa d |
| 020 ## - INTERNATIONAL STANDARD BOOK NUMBER | |
| International Standard Book Number | 9686164057 |
| Qualifying information | Colección conmemorativa |
| 040 ## - CATALOGING SOURCE | |
| Description conventions | rda |
| Original cataloging agency | Mx-PuUPA |
| Language of cataloging | spa |
| Transcribing agency | Mx-PuUPA |
| Modifying agency | Mx-PuUPA |
| 041 0# - LANGUAGE CODE | |
| Language code of text/sound track or separate title | spa |
| 240 10 - UNIFORM TITLE | |
| Uniform title | Obras. |
| Form subheading | Leyes y legislación |
| Language of a work | Español |
| 245 10 - TITLE STATEMENT | |
| Title | Código petrolero / |
| Statement of responsibility, etc. | Horacio Labastida, coordinador. |
| 250 ## - EDITION STATEMENT | |
| Edition statement | Primera edición |
| 264 #1 - PRODUCTION, PUBLICATION, DISTRIBUTION, MANUFACTURE, AND COPYRIGHT NOTICE | |
| Place of production, publication, distribution, manufacture | México, D.F : |
| Name of producer, publisher, distributor, manufacturer | Petróleos mexicanos, |
| Date of production, publication, distribution, manufacture, or copyright notice | 1988 |
| 300 ## - PHYSICAL DESCRIPTION | |
| Extent | 8 volúmenes (paginación varía) ; |
| Dimensions | 28 cm. |
| 336 ## - CONTENT TYPE | |
| Content type term | texto |
| Fuente | rdacontent |
| Content type code | txt |
| 337 ## - MEDIA TYPE | |
| Media type term | sin medio |
| Source | rdamedia |
| Media type code | n |
| 338 ## - CARRIER TYPE | |
| Carrier type term | volumen |
| Source | rdacarrier |
| Carrier type code | nc |
| 500 ## - GENERAL NOTE | |
| General note | El registro contiene la versión de lujo y rústica de la edición conmemorativa. |
| 505 8# - FORMATTED CONTENTS NOTE | |
| Miscellaneous information | t.1. |
| Title | 1493-1916 -- |
| Miscellaneous information | t.2. |
| Title | 1917-1918 -- |
| Miscellaneous information | t.3. |
| Title | 1919-1922 -- |
| Miscellaneous information | t.4. |
| Title | 1923-1925 -- |
| Miscellaneous information | t.5. |
| Title | 1926-1928 -- |
| Miscellaneous information | t.6. |
| Title | 1929-1936 -- |
| Miscellaneous information | t.7. |
| Title | 1937-1938 -- |
| Miscellaneous information | t.8. |
| Title | 1939-1943. |
| 610 20 - SUBJECT ADDED ENTRY--CORPORATE NAME | |
| Corporate name or jurisdiction name as entry element | Petróleos Mexicanos, |
| 9 (RLIN) | 5168 |
| 650 #7 - SUBJECT ADDED ENTRY--TOPICAL TERM | |
| Topical term or geographic name entry element | Petróleo |
| General subdivision | Legislación |
| Geographic subdivision | México |
| Source of heading or term | armac |
| 650 #7 - SUBJECT ADDED ENTRY--TOPICAL TERM | |
| Topical term or geographic name entry element | Petróleos mexicanos |
| Source of heading or term | armac |
| 650 #7 - SUBJECT ADDED ENTRY--TOPICAL TERM | |
| Topical term or geographic name entry element | Derecho minero |
| Geographic subdivision | México |
| General subdivision | Historia |
| 700 1# - ADDED ENTRY--PERSONAL NAME | |
| Personal name | Labastida, Horacio, |
| Relator term | coordinador |
| 9 (RLIN) | 4818 |
| 942 ## - ADDED ENTRY ELEMENTS (KOHA) | |
| Source of classification or shelving scheme | Dewey Decimal Classification |
| Koha item type | Libro |
| Classification part | 343.07720972 |
| Item part | C66 |
| Withdrawn status | Lost status | Source of classification or shelving scheme | Damaged status | Not for loan | Collection code | Home library | Current library | Shelving location | Date acquired | Source of acquisition | Serial Enumeration / chronology | Total Checkouts | Full call number | Barcode | Date last seen | Price effective from | Koha item type | Copy number |
|---|---|---|---|---|---|---|---|---|---|---|---|---|---|---|---|---|---|---|
| Dewey Decimal Classification | General | Biblioteca Karol Wojtyla | Biblioteca Karol Wojtyla | Sala general | 23/06/2017 | Compra | t.3 | 343.07720972 C66 1988 | 98010 | 05/01/2026 | 23/06/2017 | Libro | ||||||
| Dewey Decimal Classification | General | Biblioteca Karol Wojtyla | Biblioteca Karol Wojtyla | Sala general | 23/06/2017 | Compra | t.4 | 343.07720972 C66 1988 | 98011 | 05/01/2026 | 23/06/2017 | Libro | ||||||
| Dewey Decimal Classification | General | Biblioteca Karol Wojtyla | Biblioteca Karol Wojtyla | Sala general | 03/12/2013 | Compra | t.8 | 343.07720972 C66 1988 | 23326 | 05/01/2026 | 21/06/2017 | Libro | Ej.2 | |||||
| Dewey Decimal Classification | General | Biblioteca Karol Wojtyla | Biblioteca Karol Wojtyla | Sala general | 23/06/2017 | Compra | t.8 | 343.07720972 C66 1988 | 98015 | 05/01/2026 | 23/06/2017 | Libro | ||||||
| Dewey Decimal Classification | General | Biblioteca Karol Wojtyla | Biblioteca Karol Wojtyla | Sala general | 03/12/2013 | Compra | t.1 | 343.07720972 C66 1988 | 23322 | 05/01/2026 | 21/06/2017 | Libro | Ej.2 | |||||
| Dewey Decimal Classification | General | Biblioteca Karol Wojtyla | Biblioteca Karol Wojtyla | Sala general | 03/12/2013 | Compra | t.3 | 343.07720972 C66 1988 | 23323 | 05/01/2026 | 21/06/2017 | Libro | Ej.2 | |||||
| Dewey Decimal Classification | General | Biblioteca Karol Wojtyla | Biblioteca Karol Wojtyla | Sala general | 23/06/2017 | Compra | t.5 | 343.07720972 C66 1988 | 98012 | 05/01/2026 | 23/06/2017 | Libro | ||||||
| Dewey Decimal Classification | General | Biblioteca Karol Wojtyla | Biblioteca Karol Wojtyla | Sala general | 23/06/2017 | Compra | t.7 | 343.07720972 C66 1988 | 98014 | 05/01/2026 | 23/06/2017 | Libro | ||||||
| Dewey Decimal Classification | General | Biblioteca Karol Wojtyla | Biblioteca Karol Wojtyla | Sala general | 03/12/2013 | Compra | t.4 | 343.07720972 C66 1988 | 23324 | 05/01/2026 | 21/06/2017 | Libro | Ej.2 | |||||
| Dewey Decimal Classification | General | Biblioteca Karol Wojtyla | Biblioteca Karol Wojtyla | Sala general | 03/12/2013 | Compra | t.6 | 343.07720972 C66 1988 | 23325 | 05/01/2026 | 21/06/2017 | Libro | Ej.2 | |||||
| Dewey Decimal Classification | General | Biblioteca Karol Wojtyla | Biblioteca Karol Wojtyla | Sala general | 23/06/2017 | Compra | t.2 | 343.07720972 C66 1988 | 98009 | 05/01/2026 | 23/06/2017 | Libro | ||||||
| Dewey Decimal Classification | General | Biblioteca Karol Wojtyla | Biblioteca Karol Wojtyla | Sala general | 23/06/2017 | Compra | t.1 | 343.07720972 C66 1988 | 98008 | 05/01/2026 | 23/06/2017 | Libro | ||||||
| Dewey Decimal Classification | General | Biblioteca Karol Wojtyla | Biblioteca Karol Wojtyla | Sala general | 23/06/2017 | Compra | t.6 | 343.07720972 C66 1988 | 98013 | 05/01/2026 | 23/06/2017 | Libro |